[Event "Deutsche Ländermeisterschaft 2024"]
[Site "Tübingen GER"]
[Date "2024.10.06"]
[Round "7"]
[White "Sun, Christopher"]
[Black "Wartenberg, Alexander"]
[Result "0-1"]
[Termination "normal"]
[Board "5.5"]
[WhiteElo "1711"]
[BlackElo "1857"]
[WhiteClock "00:32:11"]
[BlackClock "00:21:47"]
[WhiteTeam "SG Baden / Württemberg"]
[BlackTeam "Hamburg"]
[PlyCount "80"]
[WhiteFideId "34630368"]
[BlackFideId "16280768"]
[EventCountry "GER"]
[EventRounds "7"]
[EventType "team-swiss"]
[EventDate "2024.10.02"]

1. e4 {[%clk 01:30:59]} c5 {[%clk 01:30:59]} 2. c3 {[%clk 01:31:23]} d6 {[%clk
01:24:33]} {[%emt 00:01:15]} 3. d4 {[%clk 01:31:45]} {[%emt 00:00:07]} cxd4
{[%clk 01:22:26]} {[%emt 00:02:38]} 4. cxd4 {[%clk 01:32:09]} {[%emt 00:00:06]}
Nf6 {[%clk 01:21:22]} {[%emt 00:01:33]} 5. Nc3 {[%clk 01:32:11]} {[%emt
00:00:29]} g6 {[%clk 01:19:29]} {[%emt 00:02:22]} 6. Nf3 {[%clk 01:31:45]}
{[%emt 00:00:55]} Bg7 {[%clk 01:19:14]} {[%emt 00:00:46]} 7. Be2 {[%clk
01:27:53]} {[%emt 00:04:21]} Nc6 {[%clk 01:17:42]} {[%emt 00:02:02]} 8. O-O
{[%clk 01:27:19]} {[%emt 00:01:03]} O-O {[%clk 01:16:54]} {[%emt 00:01:19]} 9.
Bf4 {[%clk 01:25:16]} {[%emt 00:02:32]} Bg4 {[%clk 01:15:48]} {[%emt 00:01:37]}
10. Qd2 {[%clk 01:23:59]} {[%emt 00:01:47]} Nh5 {[%clk 01:13:23]} {[%emt
00:02:55]} 11. Be3 {[%clk 01:21:29]} {[%emt 00:02:59]} Nf6 {[%clk 01:09:18]}
{[%emt 00:04:35]} 12. Rfd1 {[%clk 01:19:21]} {[%emt 00:02:38]} a6 {[%clk
01:03:56]} {[%emt 00:05:53]} 13. a4 {[%clk 01:15:51]} {[%emt 00:03:59]} Qd7
{[%clk 00:59:39]} {[%emt 00:04:47]} 14. h3 {[%clk 01:15:35]} {[%emt 00:00:45]}
Bxf3 {[%clk 00:59:12]} {[%emt 00:00:58]} 15. Bxf3 {[%clk 01:15:55]} {[%emt
00:00:10]} Rad8 {[%clk 00:57:48]} {[%emt 00:01:54]} 16. Bf4 {[%clk 01:14:49]}
{[%emt 00:01:36]} e5 {[%clk 00:49:49]} {[%emt 00:08:29]} 17. dxe5 {[%clk
01:12:15]} {[%emt 00:03:04]} dxe5 {[%clk 00:49:55]} {[%emt 00:00:24]} 18. Qxd7
{[%clk 01:11:55]} {[%emt 00:00:50]} Rxd7 {[%clk 00:44:18]} {[%emt 00:06:07]}
19. Rxd7 {[%clk 01:12:15]} {[%emt 00:00:10]} Nxd7 {[%clk 00:44:45]} {[%emt
00:00:03]} 20. Be3 {[%clk 01:11:20]} {[%emt 00:01:24]} Nd4 {[%clk 00:41:49]}
{[%emt 00:03:26]} 21. Rd1 {[%clk 01:06:01]} {[%emt 00:05:49]} Rd8 {[%clk
00:37:47]} {[%emt 00:04:32]} 22. a5 {[%clk 00:47:50]} {[%emt 00:18:41]} Nc5
{[%clk 00:36:25]} {[%emt 00:01:52]} 23. b4 {[%clk 00:45:15]} {[%emt 00:03:06]}
Nxf3+ {[%clk 00:33:13]} {[%emt 00:03:42]} 24. gxf3 {[%clk 00:44:35]} {[%emt
00:01:10]} Rxd1+ {[%clk 00:32:36]} {[%emt 00:01:07]} 25. Nxd1 {[%clk 00:45:03]}
{[%emt 00:00:02]} Nd3 {[%clk 00:32:48]} {[%emt 00:00:18]} 26. Bd2 {[%clk
00:42:04]} {[%emt 00:03:28]} Bf8 {[%clk 00:32:43]} {[%emt 00:00:37]} 27. Ne3
{[%clk 00:41:40]} {[%emt 00:00:53]} Bxb4 {[%clk 00:31:00]} {[%emt 00:02:14]}
28. Bxb4 {[%clk 00:41:50]} {[%emt 00:00:20]} Nxb4 {[%clk 00:31:28]} {[%emt
00:00:02]} 29. Nc4 {[%clk 00:41:38]} {[%emt 00:00:42]} Nc6 {[%clk 00:31:46]}
{[%emt 00:00:12]} 30. Kf1 {[%clk 00:41:13]} {[%emt 00:00:54]} Kf8 {[%clk
00:30:56]} {[%emt 00:01:20]} 31. Ke2 {[%clk 00:40:42]} {[%emt 00:01:01]} g5
{[%clk 00:29:42]} {[%emt 00:01:45]} 32. Kd3 {[%clk 00:38:59]} {[%emt 00:02:12]}
Ke7 {[%clk 00:27:48]} {[%emt 00:02:24]} 33. Ke3 {[%clk 00:37:11]} {[%emt
00:02:18]} f6 {[%clk 00:26:47]} {[%emt 00:01:31]} 34. Kd3 {[%clk 00:37:15]}
{[%emt 00:00:26]} Kd7 {[%clk 00:26:37]} {[%emt 00:00:41]} 35. Ke3 {[%clk
00:36:42]} {[%emt 00:01:03]} Nd4 {[%clk 00:24:28]} {[%emt 00:02:39]} 36. Nb6+
{[%clk 00:36:14]} {[%emt 00:00:58]} Ke6 {[%clk 00:24:22]} {[%emt 00:00:36]} 37.
Nc4 {[%clk 00:35:14]} {[%emt 00:01:29]} Ke7 {[%clk 00:23:53]} {[%emt 00:00:59]}
38. Nd2 {[%clk 00:33:12]} {[%emt 00:02:32]} Ne6 {[%clk 00:21:37]} {[%emt
00:02:47]} 39. Nb3 {[%clk 00:33:01]} {[%emt 00:00:40]} Kd6 {[%clk 00:21:38]}
{[%emt 00:00:28]} 40. Kd3 {[%clk 00:32:11]} {[%emt 00:01:20]} Nc5+ {[%clk
00:21:47]} {[%emt 00:00:22]} 0-1

[Event "Deutsche Ländermeisterschaft 2024"]
[Site "Tübingen GER"]
[Date "2024.10.06"]
[Round "7"]
[White "Wartenberg, Alissa"]
[Black "Wang, Enya Marie"]
[Result "1-0"]
[Termination "normal"]
[Board "5.6"]
[WhiteElo "1813"]
[BlackElo "1610"]
[WhiteClock "00:45:05"]
[BlackClock "00:44:51"]
[WhiteTeam "Hamburg"]
[BlackTeam "SG Baden / Württemberg"]
[PlyCount "97"]
[WhiteFideId "16280741"]
[BlackFideId "34660330"]
[EventCountry "GER"]
[EventRounds "7"]
[EventType "team-swiss"]
[EventDate "2024.10.02"]

1. e4 {[%clk 01:30:55]} e5 {[%clk 01:30:56]} 2. Nf3 {[%clk 01:31:22]} Nc6
{[%clk 01:31:19]} 3. Bb5 {[%clk 01:31:48]} a6 {[%clk 01:31:41]} 4. Ba4 {[%clk
01:32:14]} d6 {[%clk 01:31:46]} 5. d4 {[%clk 01:28:09]} b5 {[%clk 01:31:40]}
{[%emt 00:00:32]} 6. Bb3 {[%clk 01:28:33]} {[%emt 00:00:06]} Nxd4 {[%clk
01:31:30]} {[%emt 00:00:42]} 7. Nxd4 {[%clk 01:27:58]} {[%emt 00:01:04]} exd4
{[%clk 01:31:47]} {[%emt 00:00:12]} 8. Bd5 {[%clk 01:27:49]} {[%emt 00:00:39]}
Rb8 {[%clk 01:27:59]} {[%emt 00:04:18]} 9. Qxd4 {[%clk 01:27:44]} {[%emt
00:00:35]} Nf6 {[%clk 01:27:15]} {[%emt 00:01:14]} 10. O-O {[%clk 01:19:27]}
{[%emt 00:08:47]} Bd7 {[%clk 01:24:59]} {[%emt 00:02:44]} 11. a3 {[%clk
01:12:55]} {[%emt 00:07:04]} Nxd5 {[%clk 01:24:34]} {[%emt 00:00:54]} 12. exd5
{[%clk 01:12:24]} {[%emt 00:01:01]} f6 {[%clk 01:18:29]} {[%emt 00:06:34]} 13.
Re1+ {[%clk 01:09:50]} {[%emt 00:03:05]} Be7 {[%clk 01:15:45]} {[%emt
00:03:14]} 14. c4 {[%clk 01:03:25]} {[%emt 00:06:55]} O-O {[%clk 01:13:59]}
{[%emt 00:02:16]} 15. cxb5 {[%clk 01:01:27]} {[%emt 00:02:28]} axb5 {[%clk
01:13:04]} {[%emt 00:01:25]} 16. Bd2 {[%clk 01:00:18]} {[%emt 00:01:39]} f5
{[%clk 01:11:36]} {[%emt 00:01:58]} 17. Bc3 {[%clk 00:59:56]} {[%emt 00:00:53]}
Bf6 {[%clk 01:10:32]} {[%emt 00:01:33]} 18. Qd3 {[%clk 00:59:35]} {[%emt
00:00:53]} f4 {[%clk 01:06:23]} {[%emt 00:04:36]} 19. Nd2 {[%clk 00:58:56]}
{[%emt 00:01:12]} Bxc3 {[%clk 01:05:45]} {[%emt 00:01:08]} 20. Qxc3 {[%clk
00:59:15]} {[%emt 00:00:10]} Qg5 {[%clk 01:04:04]} {[%emt 00:02:10]} 21. Nf3
{[%clk 00:55:00]} {[%emt 00:04:45]} Qxd5 {[%clk 01:02:35]} {[%emt 00:01:58]}
22. Re7 {[%clk 00:54:09]} {[%emt 00:01:22]} Rf7 {[%clk 00:59:25]} {[%emt
00:03:39]} 23. Rxf7 {[%clk 00:54:16]} {[%emt 00:00:24]} Kxf7 {[%clk 00:55:19]}
{[%emt 00:04:36]} 24. Qxc7 {[%clk 00:53:54]} {[%emt 00:00:53]} Rb7 {[%emt
00:03:06]} 25. Qc3 {[%clk 00:52:25]} {[%emt 00:00:07]} Bc6 {[%clk 00:53:07]}
{[%emt 00:01:55]} 26. Qc2 {[%clk 00:45:56]} {[%emt 00:07:00]} h6 {[%clk
00:46:36]} {[%emt 00:07:02]} 27. Rd1 {[%clk 00:45:35]} {[%emt 00:00:51]} Qc5
{[%clk 00:46:06]} {[%emt 00:00:56]} 28. Qxc5 {[%clk 00:45:53]} {[%emt
00:00:15]} dxc5 {[%clk 00:46:29]} {[%emt 00:00:06]} 29. Ne5+ {[%clk 00:46:19]}
{[%emt 00:00:06]} Kf6 {[%clk 00:45:54]} {[%emt 00:01:03]} 30. Nxc6 {[%clk
00:46:42]} {[%emt 00:00:07]} Rc7 {[%clk 00:45:05]} {[%emt 00:01:16]} 31. Rd6+
{[%clk 00:44:36]} {[%emt 00:02:39]} Kf7 {[%clk 00:45:02]} {[%emt 00:00:32]} 32.
Ne5+ {[%clk 00:44:50]} {[%emt 00:00:17]} Ke7 {[%clk 00:44:55]} {[%emt
00:00:35]} 33. Rc6 {[%clk 00:44:22]} {[%emt 00:01:01]} Rxc6 {[%clk 00:45:07]}
{[%emt 00:00:17]} 34. Nxc6+ {[%clk 00:44:46]} {[%emt 00:00:06]} Kd6 {[%clk
00:44:54]} {[%emt 00:00:43]} 35. Nd8 {[%clk 00:44:51]} {[%emt 00:00:26]} Kd5
{[%clk 00:44:42]} {[%emt 00:00:42]} 36. Kf1 {[%clk 00:44:43]} {[%emt 00:00:37]}
Kc4 {[%clk 00:44:45]} {[%emt 00:00:28]} 37. Ne6 {[%clk 00:44:40]} {[%emt
00:00:33]} b4 {[%clk 00:44:45]} {[%emt 00:00:29]} 38. a4 {[%clk 00:43:58]}
{[%emt 00:01:13]} b3 {[%clk 00:44:40]} {[%emt 00:00:35]} 39. a5 {[%clk
00:41:35]} {[%emt 00:02:53]} Kb5 {[%clk 00:42:35]} {[%emt 00:02:35]} 40. a6
{[%clk 00:41:58]} {[%emt 00:00:08]} Kxa6 {[%emt 00:00:24]} 41. Nxc5+ {[%clk
00:42:22]} {[%emt 00:00:04]} Kb5 {[%clk 00:43:01]} {[%emt 00:00:11]} 42. Nxb3
{[%clk 00:42:48]} {[%emt 00:00:05]} Kc4 {[%clk 00:43:11]} {[%emt 00:00:18]} 43.
Nd2+ {[%clk 00:43:11]} {[%emt 00:00:07]} Kd3 {[%clk 00:43:33]} {[%emt
00:00:08]} 44. b4 {[%clk 00:43:05]} {[%emt 00:00:37]} Kxd2 {[%clk 00:43:56]}
{[%emt 00:00:07]} 45. b5 {[%clk 00:43:31]} {[%emt 00:00:04]} f3 {[%clk
00:44:04]} {[%emt 00:00:22]} 46. b6 {[%clk 00:43:51]} {[%emt 00:00:10]} fxg2+
{[%clk 00:44:07]} {[%emt 00:00:27]} 47. Kxg2 {[%clk 00:44:15]} {[%emt
00:00:06]} g5 {[%clk 00:44:32]} {[%emt 00:00:05]} 48. b7 {[%clk 00:44:42]}
{[%emt 00:00:04]} g4 {[%clk 00:44:51]} {[%emt 00:00:11]} 49. b8=Q {[%clk
00:45:05]} {[%emt 00:00:06]} 1-0

[Event "Deutsche Ländermeisterschaft 2024"]
[Site "Tübingen GER"]
[Date "2024.10.06"]
[Round "7"]
[White "Tu, Tiffany"]
[Black "Andersen, Jonathan"]
[Result "0-1"]
[Termination "normal"]
[Board "5.7"]
[WhiteElo "1675"]
[BlackElo "1676"]
[WhiteClock "00:32:00"]
[BlackClock "01:23:11"]
[WhiteTeam "SG Baden / Württemberg"]
[BlackTeam "Hamburg"]
[PlyCount "114"]
[WhiteFideId "34628576"]
[BlackFideId "34623884"]
[EventCountry "GER"]
[EventRounds "7"]
[EventType "team-swiss"]
[EventDate "2024.10.02"]

1. e4 {[%clk 01:30:57]} c5 {[%clk 01:30:55]} 2. Nc3 {[%clk 01:31:23]} d6 {[%clk
01:31:18]} 3. Bb5+ {[%clk 01:31:47]} Bd7 {[%clk 01:31:30]} 4. Bxd7+ Qxd7 {[%clk
01:31:47]} 5. d3 {[%clk 01:32:29]} g6 {[%clk 01:32:09]} 6. f4 {[%clk 01:32:51]}
Bg7 {[%clk 01:32:33]} 7. Nf3 {[%clk 01:32:39]} Nc6 {[%clk 01:32:27]} 8. Be3
{[%clk 01:32:35]} e6 {[%clk 01:32:45]} 9. O-O {[%clk 01:32:39]} Nge7 {[%clk
01:33:06]} 10. Qe1 {[%clk 01:32:53]} O-O {[%clk 01:33:21]} 11. Qh4 {[%clk
01:31:58]} {[%emt 00:00:25]} Rac8 {[%clk 01:31:35]} {[%emt 00:02:16]} 12. Ng5
{[%clk 01:28:43]} {[%emt 00:03:44]} h6 {[%clk 01:30:18]} {[%emt 00:01:48]} 13.
Nh3 {[%clk 01:28:09]} {[%emt 00:01:02]} f5 {[%clk 01:29:46]} {[%emt 00:01:04]}
14. g4 {[%clk 01:26:04]} {[%emt 00:02:35]} Nd4 {[%clk 01:29:24]} {[%emt
00:00:52]} 15. Rf2 {[%clk 01:25:08]} {[%emt 00:01:25]} d5 {[%clk 01:24:30]}
{[%emt 00:05:25]} 16. gxf5 {[%clk 01:17:19]} {[%emt 00:08:17]} exf5 {[%clk
01:24:38]} {[%emt 00:00:23]} 17. e5 {[%clk 01:14:32]} {[%emt 00:03:17]} Nxc2
{[%clk 01:23:06]} {[%emt 00:02:02]} 18. Rxc2 {[%clk 01:13:21]} {[%emt
00:01:39]} d4 {[%clk 01:23:30]} {[%emt 00:00:07]} 19. Bf2 {[%clk 01:10:02]}
{[%emt 00:03:49]} dxc3 {[%clk 01:23:30]} {[%emt 00:00:31]} 20. Rxc3 {[%clk
01:09:17]} {[%emt 00:01:15]} b6 {[%clk 01:22:00]} {[%emt 00:02:01]} 21. Rd1
{[%clk 01:02:56]} {[%emt 00:06:48]} Nc6 {[%clk 01:22:20]} {[%emt 00:00:12]} 22.
Qg3 {[%clk 01:00:38]} {[%emt 00:02:47]} g5 {[%clk 01:20:06]} {[%emt 00:02:44]}
23. Be3 {[%clk 00:57:24]} {[%emt 00:03:44]} g4 {[%clk 01:20:12]} {[%emt
00:00:24]} 24. Nf2 {[%clk 00:57:29]} {[%emt 00:00:25]} Nd4 {[%clk 01:20:35]}
{[%emt 00:00:07]} 25. Bxd4 {[%clk 00:56:17]} {[%emt 00:01:41]} Qxd4 {[%clk
01:20:14]} {[%emt 00:00:51]} 26. Re1 {[%clk 00:49:32]} {[%emt 00:07:15]} h5
{[%clk 01:19:44]} {[%emt 00:01:00]} 27. Qe3 {[%clk 00:48:28]} {[%emt 00:01:34]}
Qxe3 {[%clk 01:19:26]} {[%emt 00:00:48]} 28. Rxe3 {[%clk 00:48:52]} {[%emt
00:00:06]} Bh6 {[%clk 01:19:48]} {[%emt 00:00:07]} 29. Rc4 {[%clk 00:47:40]}
{[%emt 00:01:41]} b5 {[%clk 01:19:21]} {[%emt 00:00:59]} 30. Rc2 {[%clk
00:47:41]} {[%emt 00:00:28]} Bxf4 {[%clk 01:19:43]} {[%emt 00:00:08]} 31. Re1
{[%clk 00:47:52]} {[%emt 00:00:19]} Rfe8 {[%clk 01:20:02]} {[%emt 00:00:11]}
32. Rce2 {[%clk 00:48:04]} {[%emt 00:00:17]} Re6 {[%clk 01:20:16]} {[%emt
00:00:18]} 33. a3 {[%clk 00:42:14]} {[%emt 00:06:20]} Rce8 {[%clk 01:20:36]}
{[%emt 00:00:09]} 34. b4 {[%clk 00:41:42]} {[%emt 00:01:03]} Bxe5 {[%clk
01:20:27]} {[%emt 00:00:39]} 35. bxc5 {[%emt 00:00:41]} Bxh2+ {[%clk 01:20:50]}
{[%emt 00:00:06]} 36. Kf1 {[%clk 00:41:58]} {[%emt 00:00:04]} Rxe2 {[%clk
01:21:05]} {[%emt 00:00:16]} 37. Rxe2 {[%clk 00:42:23]} {[%emt 00:00:05]} Rxe2
{[%clk 01:21:30]} {[%emt 00:00:06]} 38. Kxe2 {[%clk 00:42:45]} {[%emt
00:00:08]} g3 {[%clk 01:21:50]} {[%emt 00:00:10]} 39. Nh3 {[%clk 00:42:43]}
{[%emt 00:00:29]} Kf7 {[%clk 01:21:30]} {[%emt 00:00:53]} 40. Kf3 {[%clk
00:42:11]} {[%emt 00:01:02]} Ke7 {[%clk 01:21:44]} {[%emt 00:00:16]} 41. d4
{[%clk 00:42:28]} {[%emt 00:00:13]} a5 {[%clk 01:21:53]} {[%emt 00:00:21]} 42.
Nf4 {[%clk 00:41:40]} {[%emt 00:01:17]} Bg1 {[%clk 01:22:08]} {[%emt 00:00:16]}
43. Ne2 {[%clk 00:41:06]} {[%emt 00:01:04]} Bf2 {[%clk 01:22:00]} {[%emt
00:00:37]} 44. Nf4 {[%clk 00:36:44]} {[%emt 00:04:53]} h4 {[%clk 01:22:06]}
{[%emt 00:00:24]} 45. Ng6+ {[%clk 00:36:54]} {[%emt 00:00:20]} Ke6 {[%clk
01:22:04]} {[%emt 00:00:32]} 46. Nxh4 {[%clk 00:37:08]} {[%emt 00:00:15]} Bxd4
{[%clk 01:22:27]} {[%emt 00:00:07]} 47. c6 {[%clk 00:36:54]} {[%emt 00:00:15]}
Be5 {[%clk 01:22:27]} {[%emt 00:00:30]} 48. Ng2 {[%clk 00:34:35]} {[%emt
00:03:17]} Kd6 {[%clk 01:21:59]} {[%emt 00:00:59]} 49. Ne3 {[%clk 00:34:39]}
{[%emt 00:00:25]} Kxc6 {[%clk 01:21:26]} {[%emt 00:01:03]} 50. Nxf5 {[%clk
00:35:01]} {[%emt 00:00:08]} Bd6 {[%clk 01:21:21]} {[%emt 00:00:36]} 51. Nd4+
{[%clk 00:33:37]} {[%emt 00:01:54]} Kc5 {[%clk 01:21:04]} {[%emt 00:00:47]} 52.
Nb3+ {[%clk 00:33:40]} {[%emt 00:00:26]} Kb6 {[%clk 01:21:27]} {[%emt
00:00:08]} 53. Nd4 {[%clk 00:32:36]} {[%emt 00:01:29]} Bxa3 {[%clk 01:21:37]}
{[%emt 00:00:25]} 54. Kxg3 {[%clk 00:32:52]} {[%emt 00:00:13]} Bb2 {[%clk
01:22:01]} {[%emt 00:00:05]} 55. Nc2 {[%clk 00:32:59]} {[%emt 00:00:23]} a4
{[%clk 01:22:27]} {[%emt 00:00:05]} 56. Kf2 {[%clk 00:32:53]} {[%emt 00:00:36]}
a3 {[%clk 01:22:47]} {[%emt 00:00:11]} 57. Nxa3 {[%clk 00:32:00]} {[%emt
00:01:22]} Bxa3 {[%clk 01:23:11]} {[%emt 00:00:06]} 0-1

[Event "Deutsche Ländermeisterschaft 2024"]
[Site "Tübingen GER"]
[Date "2024.10.06"]
[Round "7"]
[White "Busch, Lara Sophie"]
[Black "Lu, Sheng"]
[Result "0-1"]
[Termination "normal"]
[Board "5.8"]
[WhiteElo "1634"]
[BlackElo "1559"]
[WhiteClock "00:12:39"]
[BlackClock "00:29:51"]
[WhiteTeam "Hamburg"]
[BlackTeam "SG Baden / Württemberg"]
[PlyCount "62"]
[WhiteFideId "34664866"]
[BlackFideId "34628061"]
[EventCountry "GER"]
[EventRounds "7"]
[EventType "team-swiss"]
[EventDate "2024.10.02"]

1. e4 {[%clk 01:30:59]} {[%emt 10:08:34]} e5 {[%clk 01:30:54]} 2. Nf3 {[%clk
01:31:23]} Nc6 {[%clk 01:31:16]} 3. Bc4 {[%clk 01:31:45]} Bc5 {[%clk 01:31:42]}
4. d3 {[%clk 01:32:04]} Nf6 {[%clk 01:32:02]} 5. c3 {[%clk 01:32:23]} d6 {[%clk
01:32:23]} 6. O-O {[%clk 01:32:40]} a6 {[%clk 01:32:16]} 7. Bb3 {[%clk
01:32:46]} Ba7 {[%clk 01:32:04]} 8. Nbd2 {[%clk 01:32:47]} O-O {[%clk
01:31:51]} 9. Re1 {[%clk 01:31:53]} Ng4 {[%clk 01:30:55]} {[%emt 00:01:24]} 10.
Re2 {[%clk 01:31:59]} {[%emt 00:00:24]} Kh8 {[%clk 01:31:06]} {[%emt 00:00:21]}
11. h3 {[%clk 01:32:01]} {[%emt 00:00:26]} Nh6 {[%clk 01:31:25]} {[%emt
00:00:10]} 12. Nf1 {[%clk 01:30:13]} {[%emt 00:02:18]} f5 {[%clk 01:31:22]}
{[%emt 00:00:33]} 13. Bxh6 {[%clk 01:24:09]} {[%emt 00:06:35]} gxh6 {[%clk
01:31:45]} {[%emt 00:00:07]} 14. Qd2 {[%clk 01:00:52]} {[%emt 00:23:46]} f4
{[%clk 01:26:57]} {[%emt 00:05:18]} 15. N1h2 {[%clk 00:59:15]} {[%emt
00:02:08]} Na5 {[%clk 01:24:35]} {[%emt 00:02:51]} 16. Bc2 {[%clk 00:57:31]}
{[%emt 00:02:14]} c5 {[%clk 01:20:41]} {[%emt 00:04:24]} 17. a3 {[%clk
00:55:15]} {[%emt 00:02:46]} Rg8 {[%clk 01:14:33]} {[%emt 00:06:38]} 18. Kf1
{[%clk 00:52:39]} {[%emt 00:03:06]} Qf6 {[%clk 01:06:07]} {[%emt 00:08:56]} 19.
Ng1 {[%clk 00:45:56]} {[%emt 00:07:13]} Qg7 {[%clk 00:59:07]} {[%emt 00:07:30]}
20. f3 {[%clk 00:45:20]} {[%emt 00:01:06]} c4 {[%clk 00:53:45]} {[%emt
00:05:52]} 21. d4 {[%clk 00:38:53]} {[%emt 00:06:57]} Nc6 {[%clk 00:48:31]}
{[%emt 00:05:44]} 22. d5 {[%clk 00:31:30]} {[%emt 00:07:53]} Ne7 {[%clk
00:43:58]} {[%emt 00:05:03]} 23. Rf2 {[%clk 00:19:51]} {[%emt 00:12:08]} Bxf2
{[%clk 00:34:05]} {[%emt 00:10:24]} 24. Qxf2 {[%clk 00:20:20]} {[%emt
00:00:01]} h5 {[%clk 00:32:28]} {[%emt 00:02:07]} 25. Re1 {[%clk 00:16:52]}
{[%emt 00:03:57]} Qg3 {[%clk 00:32:19]} {[%emt 00:00:40]} 26. Qxg3 {[%clk
00:13:59]} {[%emt 00:03:24]} fxg3 {[%clk 00:32:26]} {[%emt 00:00:23]} 27. Ng4
{[%clk 00:14:19]} {[%emt 00:00:09]} hxg4 {[%clk 00:32:47]} {[%emt 00:00:09]}
28. hxg4 {[%clk 00:14:43]} {[%emt 00:00:06]} Bd7 {[%clk 00:31:13]} {[%emt
00:02:04]} 29. Ne2 {[%clk 00:14:47]} {[%emt 00:00:26]} Raf8 {[%clk 00:31:06]}
{[%emt 00:00:37]} 30. Kg1 {[%clk 00:14:05]} {[%emt 00:01:12]} h5 {[%clk
00:29:33]} {[%emt 00:02:02]} 31. Nxg3 {[%clk 00:12:39]} {[%emt 00:01:57]} hxg4
{[%clk 00:29:51]} {[%emt 00:00:12]} 0-1

[Event "Deutsche Ländermeisterschaft 2024"]
[Site "Tübingen GER"]
[Date "2024.10.06"]
[Round "7"]
[White "Liebold, Aaron"]
[Black "Chassard, Cedric"]
[Result "0-1"]
[Termination "normal"]
[Board "6.1"]
[BlackTitle "FM"]
[WhiteElo "2058"]
[BlackElo "2292"]
[WhiteClock "00:06:10"]
[BlackClock "00:06:30"]
[WhiteTeam "Thüringen"]
[BlackTeam "Saarland & Friends"]
[PlyCount "72"]
[WhiteFideId "12997846"]
[BlackFideId "16243536"]
[EventCountry "GER"]
[EventRounds "7"]
[EventType "team-swiss"]
[EventDate "2024.10.02"]

1. e4 {[%clk 01:30:57]} c5 {[%clk 01:30:31]} 2. Nf3 {[%clk 01:31:08]} d6 {[%clk
01:30:54]} 3. d4 {[%clk 01:31:33]} Nf6 {[%clk 01:31:19]} 4. Nc3 {[%clk
01:31:01]} cxd4 5. Nxd4 {[%clk 01:31:26]} a6 {[%clk 01:32:03]} 6. h3 {[%clk
01:29:33]} Nc6 {[%clk 01:29:08]} {[%emt 00:02:32]} 7. g4 {[%clk 01:26:40]}
{[%emt 00:03:23]} g6 {[%clk 01:26:31]} {[%emt 00:03:08]} 8. Be3 {[%clk
01:18:43]} {[%emt 00:08:27]} Nxd4 {[%clk 01:26:49]} {[%emt 00:00:12]} 9. Qxd4
{[%clk 01:18:06]} {[%emt 00:01:06]} Bg7 {[%clk 01:24:33]} {[%emt 00:02:47]} 10.
g5 {[%clk 01:05:26]} {[%emt 00:13:10]} Nh5 {[%clk 01:21:49]} {[%emt 00:03:13]}
11. Qd2 {[%clk 01:05:51]} {[%emt 00:00:05]} Be6 {[%clk 01:04:43]} {[%emt
00:17:35]} 12. Be2 {[%clk 01:01:43]} {[%emt 00:04:38]} Qa5 {[%clk 00:59:43]}
{[%emt 00:05:30]} 13. Nd5 {[%clk 00:53:02]} {[%emt 00:09:12]} Qxd2+ {[%clk
00:59:50]} {[%emt 00:00:23]} 14. Kxd2 {[%clk 00:53:30]} {[%emt 00:00:02]} Rc8
{[%clk 00:56:14]} {[%emt 00:04:06]} 15. c3 {[%clk 00:49:29]} {[%emt 00:04:31]}
h6 {[%clk 00:38:58]} {[%emt 00:17:47]} 16. h4 {[%clk 00:42:23]} {[%emt
00:07:36]} Be5 {[%clk 00:35:54]} {[%emt 00:03:33]} 17. Bxh5 {[%clk 00:41:42]}
{[%emt 00:01:12]} gxh5 {[%clk 00:35:34]} {[%emt 00:00:50]} 18. Nb6 {[%clk
00:33:26]} {[%emt 00:08:45]} Rc6 {[%clk 00:34:05]} {[%emt 00:01:58]} 19. f4
{[%clk 00:33:07]} {[%emt 00:00:50]} Bxf4 {[%clk 00:32:42]} {[%emt 00:01:53]}
20. Bxf4 {[%clk 00:33:26]} {[%emt 00:00:11]} Rxb6 {[%clk 00:33:00]} {[%emt
00:00:11]} 21. b3 {[%clk 00:27:04]} {[%emt 00:06:53]} hxg5 {[%clk 00:32:45]}
{[%emt 00:00:45]} 22. Bxg5 {[%clk 00:27:29]} {[%emt 00:00:05]} f6 {[%clk
00:27:41]} {[%emt 00:05:33]} 23. Be3 {[%clk 00:27:03]} {[%emt 00:00:55]} Rc6
{[%clk 00:26:54]} {[%emt 00:01:18]} 24. Rhg1 {[%clk 00:22:42]} {[%emt
00:04:50]} Kf7 {[%clk 00:26:14]} {[%emt 00:01:10]} 25. Raf1 {[%clk 00:15:56]}
{[%emt 00:07:17]} Bg4 {[%clk 00:23:19]} {[%emt 00:03:25]} 26. a4 {[%clk
00:14:20]} {[%emt 00:02:06]} Rhc8 {[%clk 00:17:37]} {[%emt 00:06:11]} 27. Rc1
{[%clk 00:14:33]} {[%emt 00:00:18]} b5 {[%clk 00:09:57]} {[%emt 00:08:11]} 28.
axb5 {[%clk 00:13:10]} {[%emt 00:01:53]} axb5 {[%clk 00:10:26]} 29. Kd3 {[%clk
00:11:01]} {[%emt 00:02:39]} Be6 {[%clk 00:08:16]} {[%emt 00:02:41]} 30. b4
{[%clk 00:11:01]} {[%emt 00:00:30]} Bc4+ {[%clk 00:08:37]} {[%emt 00:00:09]}
31. Kc2 {[%clk 00:09:47]} {[%emt 00:01:42]} d5 {[%clk 00:08:48]} {[%emt
00:00:20]} 32. exd5 {[%clk 00:07:42]} {[%emt 00:02:35]} Bxd5 {[%clk 00:09:12]}
{[%emt 00:00:06]} 33. Bc5 {[%clk 00:07:52]} {[%emt 00:00:20]} Re6 {[%clk
00:09:04]} {[%emt 00:00:38]} 34. Rce1 {[%clk 00:06:57]} {[%emt 00:01:25]} Rxe1
{[%clk 00:08:42]} {[%emt 00:00:52]} 35. Rxe1 {[%clk 00:07:25]} {[%emt
00:00:01]} e5 {[%clk 00:08:48]} {[%emt 00:00:23]} 36. Ra1 {[%clk 00:06:10]}
{[%emt 00:01:45]} Ra8 {[%clk 00:06:30]} {[%emt 00:02:49]} *